000 00374nam a2200145Ia 4500
008 210716s2018 xx 000 0 und d
020 _a9788126559480
041 _aeng
082 _a658.4038011 LING
100 _aLinoff, Gordon S.
245 _aData analysis using sql and excel.
250 _a1
260 _aNew Delhi
_bWiley India Pvt Ltd
_c2018
300 _axlvi,744
999 _c197014
_d197014